000 01163cam a2200361 4500
999 _c23599
_d23599
001 vtls011844028
005 20240710091621.0
008 210105s2019 xo er 000 f slo
020 _a9788055166742
_q(viazané)
035 _aD3B8D425-958B-4050-BFA7-FFA11F504A80
035 _aurn:nbn:sk:snk-am3icxv
035 _aurn:nbn:sk:snk-am00e3u9
040 _aTTKJF
_bslo
_dTTKJF
_dSNK
_erda
_csk
041 0 _aslo
044 _axo
_cSK
072 7 _a821.162.4-3
_xSlovenská próza
_2konspekt
080 _a821.162.4-31
_22011
080 _a(0:82-312.4)
_22011
100 1 _aNeuer, Václav,
_d1970-
_4aut
_93946
245 1 0 _aTiene minulosti
_cVáclav Neuer
264 1 _aBratislava
_bIkar
_c2019
300 _a326 strán
_c21 cm
336 _atext
_btxt
_2rdacontent
337 _abez média
_bn
_2rdamedia
338 _azväzok
_bnc
_2rdacarrier
490 1 _aPôvodný slovenský zločin
655 7 _aslovenské romány
_2SNKPH
_91694
655 7 _adetektívne romány
_2SNKPH
_91710
655 7 _aSlovak fiction
_2SNKPHeng
_91695
655 7 _aDetective novels
_2SNKPHeng
_91711
958 _aLX